Shluková analýza regionů z pohledu lokalizace velkých podniků
Vplyv veľkých podnikov na lokálnu a regionálnu ekonomiku. Význam veľkých podnikov podľa vybraných autorov. Zhluková analýza. Vývoj veľkých podnikov v prepočte na 100 000 obyvateľov v jednotlivých krajoch ČR (1995-2016). Pomer veľkých podnikov k celkovému počtu podnikov v regionálnom členení v r. 201...
Gespeichert in:
| 1. Verfasser: | |
|---|---|
| Format: | Buchkapitel |
| Sprache: | Tschechisch |
| Schlagworte: | |
| Tags: |
Keine Tags, Fügen Sie das erste Tag hinzu!
|
MARC
| LEADER | 00000naa a2200000 4500 | ||
|---|---|---|---|
| 001 | 0249896 | ||
| 005 | 20190109101009.6 | ||
| 041 | 0 | |a cze | |
| 044 | |a CZ | ||
| 245 | 1 | 0 | |a Shluková analýza regionů z pohledu lokalizace velkých podniků |c Jolana Skaličková |
| 520 | |a Vplyv veľkých podnikov na lokálnu a regionálnu ekonomiku. Význam veľkých podnikov podľa vybraných autorov. Zhluková analýza. Vývoj veľkých podnikov v prepočte na 100 000 obyvateľov v jednotlivých krajoch ČR (1995-2016). Pomer veľkých podnikov k celkovému počtu podnikov v regionálnom členení v r. 2016. Harmonogram zhlukovania. Grafické znázornenie v podobe dendogramu. | ||
| 610 | 2 | 0 | |a analýza zhluková |
| 610 | 2 | 0 | |a podnik veľký |
| 610 | 2 | 0 | |a kraje |
| 610 | 2 | 0 | |a regióny |
| 610 | 2 | 0 | |a rozvoj hospodársky |
| 610 | 2 | 0 | |a rozvoj regionálny |
| 610 | 2 | 0 | |a Česko |
| 100 | 1 | |a Skaličková, Jolana | |